00622cam a22002051 4500001001300000003000400013005001700017008004100034010001700075035002000092040004400112042001200156050002000168110003700188245008000225260004900305300001800354650002700372999001700399gs 07000015 DLC20260227111305.0890720s1874 mau 000 0 eng c ags 07000015  a(OCoLC)20047354 aU.S. Geol. Survey. Libr.cCPTdCPTdDLC apremarc00aQC895b.C2 18742 aGeological Survey of California.00aContributions to barometric hypsometry;bwith tables for use in California. a[Cambridge, Mass.,bUniversity Press]c1874. a88 p.c28 cm. 0aBarometric hypsometry. c24550d24550